Datum a čas kvízu
25.5
Celkem bodů
Celkový počet nahraných bodů na tomto kvízu bez doplňovacích otázek.
13.
Pořadí na kvízu
Konečné umístění týmu na tomto kvízu.
Zaznamenané odpovědi
| # | Otázka | Odpověď | Body | Výsledky |
|---|---|---|---|---|
| 1. | V médiích se minulý týden hojn... | Michal Hašek | 1 | |
| 2. | V keňské rezervaci Laikipia Wi... | levhart černý (uznáváme i leopard, panter nebo pardál) | 0 | |
| 3. | V Křižíkově pavilonu v pražský... | Pixar | 1 | |
| 4. | Společnost Coca-Cola přichází... | pomerančová | 0 | |
| 5. | Přestože televizní program avi... | Rozhodčí byla žena. | 0 | |
| 6. | Dlouhé názvy filmů byly v módě... | v neděli ráno | 1 | |
| 5. | Rodinná komedie, kde se objevi... | žádné holce neopustil | 0 | |
| 5. | V roce 1964 natočil slavný rež... | Dr. Divnoláska | 0 | |
| 5. | V roce 1981 natočil režisér Mi... | Matěji, proč | 1 | |
| 5. | Kultovní režisér Woody Allen v... | báli jste se zeptat | 1 |